Top 50 Albums from 2004 - Statistics

General Stats
  • This quiz has been taken 4 times
  • The average score is 10 of 50
Answer Stats
Artist Album % Correct
#1: Madvillain Madvillainy
100%
#3: Kanye West The College Dropout
100%
#2: Arcade Fire Funeral
75%
#4: MF DOOM Mm.. Food
75%
#10: Brian Wilson Smile
75%
#30: Franz Ferdinand Franz Ferdinand
50%
#6: Mastodon Leviathan
50%
#49: of Montreal Satanic Panic in the Attic
50%
#16: Sufjan Stevens Seven Swans
50%
#12: Animal Collective Sung Tongs
50%
#9: Joanna Newsom The Milk-Eyed Mender
50%
#7: Nick Cave and the Bad Seeds Abattoir Blues / The Lyre of Orpheus
25%
#17: Wilco A Ghost is Born
25%
#20: Masta Ace A Long Hot Summer
25%
#38: Interpol Antics
25%
#15: Elliott Smith From a Basement on the Hill
25%
#31: Modest Mouse Good News for People Who Love Bad News
25%
#47: Motörhead Inferno
25%
#27: Marillion Marbles
25%
#5: Isis Panopticon
25%
#44: Nujabes / Fat Jon Samurai Champloo Music Record: Departure
25%
#33: Drive-By Truckers The Dirty South
25%
#13: Converge You Fail Me
25%
#26: Drudkh Autumn Aurora
0%
#25: Disillusion Back to Times of Splendor
0%
#28: Coil Black Antlers
0%
#48: Clutch Blast Tyrant
0%
#41: Flotation Toy Warning Bluffer's Guide to the Flight Deck
0%
#45: mewithoutYou Catch for Us the Foxes
0%
#24: Bark Psychosis ///Codename: Dustsucker
0%
#36: Vàli Forlatt
0%
#35: Enslaved Isa
0%
#34: Jesu Jesu
0%
#11: Magma K.A
0%
#8: Yu Miyake Katamari Damacy
0%
#29: Orphaned Land Mabool: The Story of the Three Sons of Seven
0%
#18: Munly & the Lee Lewis Harlots Munly & the Lee Lewis Harlots
0%
#40: Pezet-Noon Muzyka Poważna
0%
#21: Cult of Luna Salvation
0%
#22: Deathspell Omega Si Monvmentvm Reqvires, Circvmspice
0%
#43: My Dying Bride Songs of Darkness, Words of Light
0%
#50: Dungen Ta Det Lugnt
0%
#37: Exodus Tempo of the Damned
0%
#19: Pig Destroyer Terrifyer
0%
#39: Max Richter The Blue Notebooks
0%
#23: The Mighty Boosh The Complete Radio Series
0%
#14: Neurosis The Eye of Every Storm
0%
#46: Pagan Altar The Lords of Hypocrisy
0%
#32: James Newton Howard The Village
0%
#42: The Go! Team Thunder, Lightning, Strike
0%
No matching quizzes found
Score Distribution
Percent of People with Each Score
Percentile by Number Answered
Your Score History
You have not taken this quiz